Statistics for Cities In Each State With The Most Chipotle Locations

Click here to take the quiz!

General Stats

  • This quiz has been taken 42 times
    (17 since last reset)
  • The average score is 31 of 48

Answer Stats

StateCityNumber Of Chipotle Locations% Correct
ColoradoDenver16
94%
CaliforniaLos Angeles20
94%
FloridaMiami13
94%
WashingtonSeattle8
94%
GeorgiaAtlanta16
88%
IllinoisChicago38
88%
NevadaLas Vegas20
88%
IdahoBoise3
81%
TexasHouston32
81%
IndianaIndianapolis10
81%
MissouriKansas City13
81%
ArkansasLittle Rock2
81%
ArizonaPhoenix19
81%
MainePortland1
81%
OregonPortland9
81%
WisconsinMadison4
75%
LouisianaNew Orleans1
75%
New YorkNew York City54
75%
PennsylvaniaPhiladelphia12
75%
VirginiaRichmond7
75%
UtahSalt Lake City2
75%
New MexicoAlbuquerque6
69%
MarylandBaltimore12
69%
AlabamaBirmingham3
69%
MassachusettsBoston6
69%
WyomingCheyenne1
69%
OhioColumbus20
69%
TennesseeNashville7
69%
NebraskaOmaha6
69%
North CarolinaCharlotte14
63%
South CarolinaColumbia5
63%
KentuckyLouisville5
63%
MinnesotaMinneapolis9
63%
MontanaBillings1
56%
Rhode IslandProvidence2
56%
OklahomaTulsa5
56%
DelawareNewark3
50%
South DakotaSioux Falls1
50%
MichiganAnn Arbor4
44%
North DakotaFargo2
44%
KansasWichita6
44%
VermontBurlington1
38%
New HampshireNashua2
25%
West VirginiaMorgantown2
19%
MississippiSouthaven1
19%
IowaWest Des Moines2
19%
ConnecticutDanbury3
13%
New JerseyParamus3
0%

Score Distribution

Percentile by Number Answered

Percent of People with Each Score

Your Score History

You have not taken this quiz since the last reset